000 00841nam a2200229Ia 4500
001 7481
003 GE_BSU
008 181216s||||||||xx |||||||||||||| ||und||
040 _cGE_BSU
080 _a621.3.06(075.8)
100 _aЖуховицкий,Б.Я. Негнивицкий,И.Б.
245 _aТеоретические основы электротехники. Линейные электрические цепи(продолжение).Нелинейные цепи.Т.2.
245 _bУчебник для вузов.
245 _cПод общ. ред. К.М.Поливанова.
260 _aМ.
260 _bЭнергия.
260 _c1972.
300 _a200 стр. 27 см.с илл.
300 _eтабл.
653 _aТеоретические основы электротехники.
942 _cBK
999 _c40841
_d40841